[Event "WJCC U20 Open 2019"]
[Site "New Delhi"]
[Date "2019.10.23"]
[Round "9.16"]
[White "Audi Ameya"]
[Black "Lobanov, Sergei"]
[Result "1/2-1/2"]
[WhiteElo "2336"]
[BlackElo "2516"]
[Annotator "TA"]
[PlyCount "70"]
[EventDate "2019.10.15"]
[EventType "swiss"]
[EventCountry "IND"]
[SourceTitle "playchess.com"]
[Source "ChessBase"]
[SourceQuality "1"]

{[%evp 25,70,17,64,67,40,22,25,33,33,29,64,66,57,53,83,57,68,0,0,0,0,0,0,0,0,0,0,0,0,0,0,0,70,0,0,0,0,0,0,0,0,0,0,0,0,0,0]} 1. e4 e5 2. Nf3 Nc6 3. Bc4 Nf6 4. d4 exd4 5. e5 d5 6. Bb5 Ne4 7. Nxd4 Bd7 8. Bxc6 bxc6 9. O-O Bc5 10. f3 Ng5 11. f4 $146 ({Predecessor:} 11. Be3 Qe7 12. f4 Ne4 13. Nd2 f5 14. Nxe4 fxe4 15. Qd2 Bb6 16. Nb3 {0-1 (31) Calcado,A (2105)-Perdomo,L (2463) Foz do Iguacu 2018}) 11... Ne4 12. Be3 O-O 13. Nd2 f5 14. Nxe4 {C56: Two Knights: 4 d4 exd4 5 0-0 Nxe4} fxe4 15. Qd2 Qe7 16. Nb3 {White has an edge.} Bb6 17. Qc3 g5 18. fxg5 Bxe3+ 19. Qxe3 Qxe5 20. Nc5 Bg4 21. h3 (21. c3 $1 $14) 21... d4 $1 $36 {[%mdl 2048] Black is more active.} 22. Qxe4 {[%mdl 64] [#] Double Attack} Qxc5 23. Qxg4 {Strongly threatening Kh1.} d3+ $1 24. Kh1 dxc2 25. g6 Rae8 26. gxh7+ Kxh7 {[#] White must now prevent ...Rxf1+.} 27. Qd7+ Kh6 {aiming for ...Rxf1+.} 28. Qd2+ Kh5 ({Black should play} 28... Kg7 $11 29. b4 (29. Rfc1 Rf2 $11) 29... Qc4 30. Rxf8 (30. Qg5+ Kh7 $11) 30... Rxf8) 29. Rac1 (29. g4+ $14 Kg6 30. Rxf8 Rxf8 31. Kg2) 29... Rxf1+ {The position is equal.} 30. Rxf1 {[%mdl 4096] Endgame Rf5+! is the strong threat. KQR-KQR} Rf8 $1 {[%cal Rf8f1]} 31. Qe2+ Kh6 32. Qe6+ Kg7 33. Qg4+ Kh6 34. Qe6+ Kg7 35. Qg4+ Kh6 {Accuracy: White = 81%, Black = 81%.} 1/2-1/2

[Event "WJCC U20 Open 2019"]
[Site "New Delhi"]
[Date "2019.10.23"]
[Round "9.17"]
[White "Haria, Ravi"]
[Black "Raja Rithvik R"]
[Result "1-0"]
[WhiteElo "2463"]
[BlackElo "2369"]
[Annotator "TA"]
[PlyCount "121"]
[EventDate "2019.10.15"]
[EventType "swiss"]
[EventCountry "IND"]
[SourceTitle "playchess.com"]
[Source "ChessBase"]
[SourceQuality "1"]

{[%evp 9,121,6,12,9,36,29,31,34,34,31,34,34,34,37,32,17,26,2,72,72,89,80,79,75,83,82,90,85,140,137,120,78,91,67,85,47,53,50,44,39,41,38,36,33,26,3,5,3,31,37,78,68,134,128,133,134,208,179,387,366,433,295,291,279,385,398,417,406,417,417,467,468,465,450,427,427,402,408,398,363,246,0,273,166,170,169,505,456,1045,783,879,1550,29958,29956,29954,29955,29964,12610,29950,29942,29971,29972,29973,29974,29974,29974,29974,29975,29974,29973,29984,29985,29985,29986]} 1. e4 c5 2. Nf3 d6 3. Bb5+ Nd7 4. a4 Ngf6 5. Nc3 a6 6. Be2 {B51: Sicilian: Moscow Variation (3 Bb5+) without 3...Bd7} b6 7. d4 cxd4 8. Qxd4 {White is slightly better.} Bb7 9. O-O e5 10. Qe3 Be7 11. Nd2 O-O 12. Rd1 Qc7 13. Nc4 {[#]} Nc5 $146 (13... Rad8 $11) 14. f3 $36 {[%mdl 2048] White is in control.} Ncxe4 15. Nxe4 (15. fxe4 d5 $15) 15... Bxe4 16. Qxb6 (16. fxe4 d5 $15) 16... Qxb6+ 17. Nxb6 Rab8 18. Be3 Bb7 (18... Bxc2 $142 19. Rdc1 Bb3) 19. a5 d5 20. Bf2 Rfd8 21. c3 Ne8 22. Bf1 Nc7 23. Re1 f6 24. f4 e4 25. Rad1 f5 26. Be3 Ne6 27. Rd2 g5 28. g3 d4 29. cxd4 {[#] Strongly threatening Bc4.} Bb4 {Threatens to win with ...gxf4.} 30. Bc4 Kf7 ({Black should play} 30... Rd6 $1 $14) 31. Red1 gxf4 32. Bxf4 Bxd2 (32... Bxa5 $16 33. Bxb8 Bxd2 34. Rxd2 Rxb8) 33. Rxd2 $18 Ke7 $2 (33... Rbc8 34. Nxc8 Rxc8) 34. Bxe6 Kxe6 35. Bxb8 Rxb8 {[%mdl 4096] Endgame KRB-KRN} 36. Kf2 Bd5 37. Rc2 h5 38. Rc5 Rd8 39. Ke3 (39. Nxd5 Rxd5 40. Rc6+ Kd7 $16) 39... Bb3 40. Rc3 Bd5 41. b4 h4 {If Black can now play ...hxg3 this consolidates a bit.} 42. Nxd5 Kxd5 {KR-KR} 43. Rc5+ Ke6 44. Rc6+ Kd5 45. Rc5+ ({Don't play} 45. Rxa6 $6 hxg3 46. hxg3 Rg8) 45... Ke6 {intending ...hxg3.} 46. g4 fxg4 {[#]} 47. Rg5 $1 ({Resist} 47. Kxe4 $6 Rg8 $14) 47... g3 $2 (47... h3 48. Rxg4 (48. Kxe4 Rb8 $18) 48... Rb8) 48. hxg3 hxg3 (48... h3 $142) 49. Kxe4 Rb8 50. Rxg3 Rxb4 51. Rg6+ Kd7 52. Rxa6 Rb5 53. Kd3 (53. d5 $142 Rb1 54. Rc6 Ra1 55. a6 Ra2 56. Kd4 Ra5 57. Ke5 Ra1 58. Rh6 Re1+ 59. Kf5 Rf1+ 60. Ke4) 53... Kc7 54. Kc4 {White mates.} Rh5 55. d5 Rh1 56. Rc6+ Kd7 57. a6 {[%cal Ba5a6,Ba6a7][%mdl 32]} Rc1+ 58. Kb5 Rb1+ 59. Kc5 Rb2 60. a7 Ra2 61. Kb6 {Accuracy: White = 86%, Black = 43%.} 1-0

[Event "WJCC U20 Open 2019"]
[Site "New Delhi"]
[Date "2019.10.23"]
[Round "9.18"]
[White "Rahul Srivatshav P"]
[Black "Winkelman, Albert"]
[Result "1-0"]
[WhiteElo "2460"]
[BlackElo "2143"]
[Annotator "TA"]
[PlyCount "51"]
[EventDate "2019.10.15"]
[EventType "swiss"]
[EventCountry "IND"]
[SourceTitle "playchess.com"]
[Source "ChessBase"]
[SourceQuality "1"]

{[%evp 13,51,0,0,0,0,0,4,0,0,0,0,-23,5,0,87,87,87,87,87,86,119,114,427,427,437,427,435,429,412,426,413,414,433,320,320,320,316,322,322,298]} 1. c4 Nf6 2. Nc3 e5 3. Nf3 Nc6 4. e4 Bc5 5. Nxe5 Nxe5 6. d4 Bb4 7. dxe5 Nxe4 $1 8. Qf3 {A28: English Opening: Four Knights Variation} Nxc3 9. bxc3 Ba5 (9... Be7 10. Qg3 g6 11. Bh6 d6 12. Be2 Be6 13. Rd1 Qd7 14. exd6 cxd6 15. O-O O-O-O {½-½ (52) Carlsen,M (2861)-Nepomniachtchi,I (2773) Abidjan 2019}) 10. Bf4 {The position is equal.} O-O 11. O-O-O $146 ({Predecessor:} 11. Be2 d6 12. exd6 Qf6 13. O-O cxd6 14. Rac1 Re8 15. Rfd1 Bc7 {1-0 (24) Melaugh,S (2077)-Lyons,B (1967) Dublin 2019}) 11... Qe7 {Threatens to win with ...Qa3+.} 12. Kb2 c6 13. Bd3 $36 {[%mdl 2048] White fights for an advantage.} f5 (13... b5 $11) 14. Bc2 $16 Bc7 15. Qe3 b6 16. h3 Ba6 {[#]} 17. g4 $1 fxg4 $2 {[%mdl 8192]} (17... Rae8 $16) 18. hxg4 $18 g6 19. Bg5 Qxe5 20. Rxd7 Qxe3 21. Bxe3 Be5 22. Rhxh7 Bc8 23. Rxa7 Rxa7 {White has a decisive advantage.} 24. Rxa7 Bb8 25. Ra8 ({Not} 25. Bxb6 Bxa7 26. Bxa7 Bxg4 $14) 25... Bb7 26. Ra3 {Accuracy: White = 97%, Black = 60%.} 1-0

[Event "WJCC U20 Open 2019"]
[Site "New Delhi"]
[Date "2019.10.23"]
[Round "9.19"]
[White "Raja Harshit"]
[Black "Zlatin, Alexander"]
[Result "1-0"]
[WhiteElo "2440"]
[BlackElo "2263"]
[Annotator "TA"]
[PlyCount "49"]
[EventDate "2019.10.15"]
[EventType "swiss"]
[EventCountry "IND"]
[SourceTitle "playchess.com"]
[Source "ChessBase"]
[SourceQuality "1"]

{[%evp 17,49,6,75,58,65,40,45,46,79,86,147,138,135,139,189,187,192,202,368,352,770,834,1026,1008,965,783,746,575,573,575,561,569,531,527]} 1. Nf3 Nf6 2. g3 g6 3. Bg2 Bg7 4. O-O O-O 5. c4 d6 6. d4 c5 7. Nc3 Nc6 8. dxc5 dxc5 9. Be3 Nd7 (9... Be6 $11 {remains equal.}) 10. Qc1 $16 {E65: King's Indian: Fianchetto: 6...c5 7 0-0 without d5 by White} Qa5 (10... Nd4 11. Rd1 e5 12. Bh6 Qa5 13. Nxd4 cxd4 14. Nd5 Re8 15. Bxg7 Kxg7 16. e3 dxe3 17. Qxe3 Rb8 {1-0 (32) Ghosh,D (2581)-Abhishek,K (2381) Ho Chi Minh City 2017}) 11. Bd2 $146 ({Predecessor:} 11. Bh6 Nf6 12. Bxg7 Kxg7 13. b3 Bg4 14. Qb2 Kg8 15. Rac1 Rad8 16. h3 Bc8 17. Rfd1 Rxd1+ 18. Rxd1 {½-½ (75) Izoria,Z (2450)-Jobava,B (2480) Yerevan 2000}) 11... Nd4 12. Re1 {White is slightly better.} Nxf3+ 13. exf3 {Black must now prevent Nd5.} Ne5 ({Black should try} 13... Re8) 14. Nd5 $1 {[%csl LRa5,LRe7]} Qd8 {[#] White should prevent ...Nd3.} 15. Bg5 $1 $36 {[%cal Rg5e7][%mdl 2048] White is on the roll.} f6 {[#] And now ...Nd3 would win.} 16. Rxe5 $1 {[%mdl 512]} fxg5 (16... fxe5 17. Nxe7+) 17. Rxe7 h6 $2 (17... Rf7 {keeps fighting.}) 18. Qe1 $18 g4 $2 (18... Bd7 19. f4 Bd4) 19. Rd1 {White is clearly winning.} Kh8 20. Nc7 Bd4 21. Nb5 Qb6 22. Nxd4 cxd4 23. Qe5+ {[%mdl 64] Double Attack} Qf6 24. Qxf6+ Rxf6 25. Rxd4 {Accuracy: White = 86%, Black = 24%.} 1-0

[Event "WJCC U20 Open 2019"]
[Site "New Delhi"]
[Date "2019.10.23"]
[Round "9.20"]
[White "Milikow, Yoav"]
[Black "Davtyan, Artur"]
[Result "0-1"]
[WhiteElo "2199"]
[BlackElo "2418"]
[Annotator "TA"]
[PlyCount "45"]
[EventDate "2019.10.15"]
[EventType "swiss"]
[EventCountry "IND"]
[SourceTitle "playchess.com"]
[Source "ChessBase"]
[SourceQuality "1"]

{[%evp 14,45,10,-4,0,-12,-21,-18,19,0,1,0,14,0,-8,-37,-21,-5,-12,-41,-46,-39,-27,-40,-29,-33,-26,-57,-49,-57,-60,-114,357,0]} 1. d4 d5 2. c4 e6 3. Nc3 Be7 4. cxd5 exd5 5. Bf4 c6 6. e3 Bf5 7. g4 Be6 8. h3 Nd7 {D31: Queen's Gambit Declined: Semi-Slav without ...Nf6 (+ Marshall Gambit and Noteboom) and Exchange Variation lines without ...Nf6} 9. Bd3 h5 10. gxh5 Ndf6 {The position is equal.} 11. Nf3 (11. h6 Nxh6 12. Qc2 Qd7 13. Nf3 Bf5 14. Ne5 Bxd3 15. Nxd3 Nh5 16. Bh2 Qxh3 {½-½ (32) Radjabov,T (2757)-Giri,A (2783) Wijk aan Zee 2019}) 11... Nxh5 12. Bh2 $146 ({Predecessor:} 12. Be5 Qd7 13. Bh2 Bd6 14. Ne5 Bxe5 15. Bxe5 Bf5 16. Be2 {½-½ (59) Mchedlishvili,M (2602)-Magalashvili,D (2506) Tbilisi 2018}) 12... Bd6 13. Ne5 Ne7 14. Qf3 Qc7 15. O-O-O O-O-O 16. Kb1 f6 17. Ng6 {[#] Strongly threatening Bxd6.} Bxh2 18. Nxe7+ Qxe7 19. Rxh2 g5 20. Na4 Kb8 21. Nc5 Bc8 $1 22. Bf5 {[#]} (22. Rdh1 $15) 22... Bd7 $2 {[%mdl 8192]} (22... Bxf5+ $1 $17 {stays on course.} 23. Qxf5 Ng7) 23. Bd3 $2 {[%mdl 32768] Accuracy: White = 24%, Black = 60%. . Loss on time!?} ({Don't play} 23. Nxd7+ Rxd7 24. Bxd7 Qxd7 $18) ({White should play} 23. Bxd7 $18 b6 24. Bxc6 bxc5 25. Bxd5) 0-1

[Event "WJCC U20 Open 2019"]
[Site "New Delhi"]
[Date "2019.10.23"]
[Round "9.21"]
[White "Agmanov, Zhandos"]
[Black "Aaryan Varshney"]
[Result "1/2-1/2"]
[WhiteElo "2403"]
[BlackElo "2239"]
[Annotator "TA"]
[PlyCount "52"]
[EventDate "2019.10.15"]
[EventType "swiss"]
[EventCountry "IND"]
[SourceTitle "playchess.com"]
[Source "ChessBase"]
[SourceQuality "1"]

{[%evp 13,52,25,25,14,7,4,22,16,23,14,20,12,38,26,33,19,19,23,10,9,13,0,0,0,0,0,2,0,12,0,0,0,0,-30,5,0,28,-12,58,0,24]} 1. e4 c5 2. Nf3 d6 3. d4 cxd4 4. Nxd4 Nf6 5. Nc3 a6 6. Be3 e5 7. Nb3 Be6 8. h3 {B90: Sicilian Najdorf: Unusual White 6th moves, 6 Be3 Ng4 and 6 Be3 e5} Be7 9. f4 exf4 10. Bxf4 Nc6 11. Qe2 Nd7 12. O-O-O Nde5 13. Kb1 O-O 14. g4 Rc8 {[#]} 15. Qd2 $146 ({Predecessor:} 15. Qg2) 15... h6 16. Be2 Re8 17. Rhf1 b5 18. Nd5 Bg5 19. Bxg5 Qxg5 20. Nf4 Nc4 21. Bxc4 Bxc4 22. Rfe1 $1 a5 23. Ng2 ({Don't blunder} 23. Qxd6 $2 Red8 $19) 23... Qxd2 24. Rxd2 Rcd8 25. Rdd1 Rc8 (25... d5 $11) 26. Rd2 Rcd8 {Accuracy: White = 46%, Black = 55%.} 1/2-1/2

[Event "WJCC U20 Open 2019"]
[Site "New Delhi"]
[Date "2019.10.23"]
[Round "9.22"]
[White "Muthaiah AL"]
[Black "Muradli, Mahammad"]
[Result "1/2-1/2"]
[WhiteElo "2370"]
[BlackElo "2459"]
[Annotator "TA"]
[PlyCount "77"]
[EventDate "2019.10.15"]
[EventType "swiss"]
[EventCountry "IND"]
[SourceTitle "playchess.com"]
[Source "ChessBase"]
[SourceQuality "1"]

{[%evp 9,77,21,40,39,55,38,77,56,66,51,64,49,65,31,53,60,59,43,28,41,34,35,71,67,79,30,33,30,47,51,45,50,35,37,44,45,93,84,100,64,67,42,140,136,189,149,132,151,147,138,120,140,145,135,225,215,210,211,216,225,198,227,165,0,199,0,198,0,206,0]} 1. Nf3 Nf6 2. g3 g6 3. c4 c6 (3... Bg7 4. Bg2 c6 5. d4 d5 6. cxd5 cxd5 7. Ne5 Ne4 8. Nd2 Nf6 9. Qa4+ Bd7 10. Qb3 Nc6 11. Ndf3 Na5 12. Qa3 O-O 13. Bd2 Nc6 14. O-O Ne4 {1-0 (35) Vachier Lagrave,M (2779)-Grischuk,A (2775) Stavanger 2019}) 4. b3 d6 5. d4 Ne4 $146 ({Predecessor:} 5... Bg7 6. Bb2 O-O 7. Bg2 a5 8. a3 Bg4 9. h3 Bd7 10. O-O Ne4 11. Ne1 d5 12. Nc3 Nxc3 13. Bxc3 Be6 14. c5 Nd7 15. Qd2 {½-½ (42) Arroyo Rodriguez,J (2099)-Diaz Rodriguez,J (1991) Linares 2018}) 6. Bg2 {A15: English Opening: 1...Nf6} Qa5+ 7. Nfd2 Bf5 8. Bb2 {White is better.} (8. O-O {is interesting.} Nc3 9. Qe1 Nxb1 10. e4 Bc8 11. Rxb1 Bg7 12. Bb2) 8... Nxd2 9. Nxd2 (9. Bc3 {keeps more tension.} Qd8 10. Nxd2 Bg7 11. O-O O-O 12. Re1) 9... Bg7 10. O-O O-O 11. e4 Bd7 12. Qc2 Na6 13. a3 Qb6 14. d5 Bxb2 15. Qxb2 e5 16. b4 {[%cal Bb3b4,Bb4b5][%mdl 32]} f6 17. dxc6 bxc6 18. Nb3 c5 19. b5 Nc7 20. a4 Ne6 21. Bh3 Qb7 22. Na5 Qxe4 {[#] Threatens to win with ...Nf4.} 23. Bg2 (23. Rae1 {with more complications.} Qf3 24. Bg2 Qg4 25. Bxa8 Rxa8 26. f3) 23... Qf5 24. Bxa8 Rxa8 25. f4 {Black must now prevent fxe5.} exf4 {[#]} ({Better is} 25... Nd4 $14) 26. Qg2 $1 $36 {[%cal Rg2a8][%mdl 2048] Black is under strong pressure.} Re8 (26... Rf8 $16 {was worth a try.}) 27. Qd5 Qxd5 28. cxd5 Ng5 29. gxf4 Nh3+ 30. Kg2 Re2+ 31. Kf3 Rc2 (31... Rxh2 $16 {is a better defense.} 32. Nc4 h5) 32. Nc6 $18 g5 33. fxg5 ({Inferior is} 33. Nxa7 Nxf4 34. a5 h5 $11) 33... Nxg5+ 34. Ke3 Rc3+ 35. Kf2 Rc2+ 36. Ke3 Rc3+ 37. Kf2 Rc2+ $1 38. Ke3 Rc3+ 39. Kf2 $2 {Accuracy: White = 74%, Black = 56%.} ({White should try} 39. Ke2 $18) 1/2-1/2

[Event "WJCC U20 Open 2019"]
[Site "New Delhi"]
[Date "2019.10.23"]
[Round "9.23"]
[White "Batsuren, Dambasuren"]
[Black "Sankalp Gupta"]
[Result "1-0"]
[WhiteElo "2454"]
[BlackElo "2369"]
[Annotator "TA"]
[PlyCount "87"]
[EventDate "2019.10.15"]
[EventType "swiss"]
[EventCountry "IND"]
[SourceTitle "playchess.com"]
[Source "ChessBase"]
[SourceQuality "1"]

{[%evp 9,86,6,24,6,41,-4,14,6,5,7,7,-1,36,50,73,65,64,52,70,-26,0,0,9,0,-1,0,113,0,0,0,0,0,0,-16,16,19,19,14,18,14,10,3,3,3,12,12,7,8,100,100,100,100,102,100,104,104,104,86,104,103,104,104,52,52,83,83,630,628,630,622,622,369,29979,29979,29980,29981,29983,29984,29999]} 1. d4 Nf6 2. c4 g6 3. Nc3 Bg7 4. Nf3 O-O 5. g3 c5 (5... d6 6. Bg2 Nc6 7. O-O e5 8. e4 exd4 9. Nxd4 Nxe4 10. Nxc6 Nxc3 11. Nxd8 Nxd1 12. Nxb7 Nxb2 13. Nxd6 Rb8 14. Nxc8 Rfxc8 15. Be3 Nxc4 16. Bxa7 Bxa1 17. Bxb8 {½-½ (31) Nepomniachtchi,I (2757)-Grischuk,A (2766) chess.com INT 2018}) 6. d5 {E61: King's Indian: Early deviations for White, including Smyslov System} e6 7. dxe6 (7. Bg2 {looks sharper.} d6 8. O-O Re8 9. Bf4 exd5 10. cxd5 Nh5 11. Bg5) 7... dxe6 $146 ({Predecessor:} 7... fxe6 8. Bg2 Nc6 9. O-O b6 10. Bf4 Ne8 11. Ne5 Nxe5 12. Bxe5 Bxe5 13. Bxa8 Ba6 14. Qa4 Bxc4 15. Qxc4 Qxa8 16. Rad1 Nf6 17. Qd3 {½-½ (35) Osnos,V (2490)-Yurtaev,L Beltsy 1977}) 8. Qxd8 {The position is equal.} Rxd8 9. Bg2 Nc6 10. O-O Nd7 11. Bg5 f6 12. Be3 e5 13. Nd2 Nd4 14. Bxd4 (14. Rad1 $14) 14... exd4 15. Nd5 f5 16. Nb3 Rb8 17. Rfe1 Kf8 (17... Kh8 $11 {remains equal.}) 18. Rad1 ({White should play} 18. Nc7 $16) 18... b6 $11 19. e3 {[%cal Re3d4]} Ba6 {With the idea ...dxe3.} 20. exd4 Bxc4 21. Nf4 g5 22. Bd5 Bxd5 23. Nxd5 Re8 24. Ne3 f4 25. Nf5 fxg3 26. hxg3 cxd4 27. Nxg7 Kxg7 28. Nxd4 Ne5 (28... Nf6 $11) 29. Rxe5 $1 $16 {[%mdl 64] Remove Defender, Decoy} Rxe5 {[%mdl 4096] Endgame KRR-KRN} 30. Nc6 $1 {[%csl LRa7,LRb8,LRe5][%mdl 64] Double Attack} Rbe8 31. Rd7+ Kg6 32. Nxe5+ Rxe5 33. Rxa7 {KR-KR} Re2 34. b4 {[%cal Bb2b4,Bb4b5,Bb5b6][%mdl 32]} h5 35. a4 {Strongly threatening Ra6.} Rb2 36. b5 {Threatens to win with Ra6.} Ra2 37. Ra6 {Black must now prevent a5.} Kf5 $2 {[%mdl 8192]} (37... Kf7 $16) 38. Rxb6 $18 Rxa4 {[#]} 39. Rb8 $1 Rb4 40. b6 {aiming for b7.} Kg4 $2 {[#]} (40... Ke6 $18 41. b7 Kd6) 41. Kg2 $1 {White mates.} Rb3 42. b7 Rb2 43. Rf8 Rxb7 44. f3# {Accuracy: White = 78%, Black = 35%.} 1-0

[Event "WJCC U20 Open 2019"]
[Site "New Delhi"]
[Date "2019.10.23"]
[Round "9.24"]
[White "Parkhov, Yair"]
[Black "Bharath Subramaniyam H"]
[Result "1-0"]
[WhiteElo "2350"]
[BlackElo "2417"]
[Annotator "ChessBase"]
[PlyCount "39"]
[EventDate "2019.10.15"]
[EventType "swiss"]
[EventCountry "IND"]
[SourceTitle "playchess.com"]
[Source "ChessBase"]
[SourceQuality "1"]
[TimeControl "40/5400+30:1800+30"]

1. d4 {[%emt 0:00:00]} Nf6 {[%emt 0:00:00]} 2. c4 {[%emt 0:00:00]} e6 {[%emt 0:00:29]} 3. Nf3 {[%emt 0:00:00]} c5 {[%emt 0:00:06]} 4. d5 {[%emt 0:00:00]} exd5 {[%emt 0:00:09]} 5. cxd5 {[%emt 0:00:00]} d6 {[%emt 0:00:10]} 6. Nc3 {[%emt 0:00:04]} g6 {[%emt 0:00:09]} 7. e4 {[%emt 0:00:05]} Bg7 {[%emt 0:00:50]} 8. Be2 {[%emt 0:00:07]} O-O {[%emt 0:00:35]} 9. Be3 {[%emt 0:00:09]} a6 {[%emt 0:06:59]} 10. a4 {[%emt 0:00:16]} Re8 {[%emt 0:05:50]} 11. Nd2 {[%emt 0:00:09]} Nbd7 {[%emt 0:00:37]} 12. O-O {[%emt 0:00:34]} Rb8 {[%emt 0:01:11]} 13. Qc2 {[%emt 0:08:53]} h6 {[%emt 0:03:57]} 14. Rab1 {[%emt 0:15:09]} Ne5 {[%emt 0:04:21]} 15. Bf4 {[%emt 0:13:16]} Qc7 {[%emt 0:12:13]} 16. b4 {[%emt 0:10:48]} cxb4 {[%emt 0:04:15]} 17. Rb2 b3 18. Rxb3 {[%emt 0:00:37]} Bd7 {[%emt 0:05:35]} 19. Rb4 {[%emt 0:02:54]} Nfg4 {[%emt 0:10:52]} 20. Rc1 {[%emt 0:07:23]} 1-0

[Event "WJCC U20 Open 2019"]
[Site "New Delhi"]
[Date "2019.10.23"]
[Round "9.25"]
[White "Sammed Jaykumar, Shete"]
[Black "Garidmagnai, Byambasuren"]
[Result "0-1"]
[WhiteElo "2392"]
[BlackElo "2327"]
[Annotator "ChessBase"]
[PlyCount "46"]
[EventDate "2019.10.15"]
[EventType "swiss"]
[EventCountry "IND"]
[SourceTitle "playchess.com"]
[Source "ChessBase"]
[SourceQuality "1"]
[TimeControl "40/5400+30:1800+30"]

1. e4 {[%emt 0:00:00]} e6 {[%emt 0:00:00]} 2. d4 {[%emt 0:00:00]} d5 {[%emt 0:00:00]} 3. Nd2 {[%emt 0:00:00]} c5 {[%emt 0:00:00]} 4. Ngf3 {[%emt 0:00:00]} cxd4 {[%emt 0:01:13]} 5. exd5 {[%emt 0:00:00]} Qxd5 {[%emt 0:00:59]} 6. Bc4 {[%emt 0:00:02]} Qd6 {[%emt 0:01:28]} 7. O-O {[%emt 0:01:08]} Nf6 {[%emt 0:00:06]} 8. Nb3 {[%emt 0:00:34]} a6 {[%emt 0:03:01]} 9. a4 {[%emt 0:02:37]} Qc7 {[%emt 0:01:18]} 10. Qxd4 {[%emt 0:10:12]} Nc6 {[%emt 0:01:59]} 11. Qh4 {[%emt 0:06:37]} Ne7 {[%emt 0:14:07]} 12. Bd3 {[%emt 0:03:23]} Ned5 {[%emt 0:02:06]} 13. c4 {[%emt 0:05:33]} Nb4 {[%emt 0:00:38]} 14. Bf4 {[%emt 0:00:10]} Bd6 {[%emt 0:02:28]} 15. Bxd6 {[%emt 0:12:22]} Qxd6 {[%emt 0:00:04]} 16. c5 {[%emt 0:00:15]} Qxd3 {[%emt 0:01:02]} 17. Qxb4 {[%emt 0:00:06]} Nd5 {[%emt 0:00:32]} 18. Qa3 {[%emt 0:00:08]} O-O {[%emt 0:00:52]} 19. Rad1 {[%emt 0:02:21]} Qg6 {[%emt 0:02:29]} 20. Ne5 {[%emt 0:22:18]} Qg5 {[%emt 0:07:21]} 21. Rfe1 {[%emt 0:00:11]} Nf4 {[%emt 0:05:15]} 22. g3 {[%emt 0:00:08]} f6 {[%emt 0:00:12]} 23. Nf3 {[%emt 0:01:40]} Qh5 {[%emt 0:01:38]} 0-1

[Event "WJCC U20 Open 2019"]
[Site "New Delhi"]
[Date "2019.10.23"]
[Round "9.26"]
[White "Anuj Shrivatri"]
[Black "Raahul V S"]
[Result "0-1"]
[WhiteElo "2390"]
[BlackElo "2262"]
[Annotator "ChessBase"]
[PlyCount "28"]
[EventDate "2019.10.15"]
[EventType "swiss"]
[EventCountry "IND"]
[SourceTitle "playchess.com"]
[Source "ChessBase"]
[SourceQuality "1"]
[TimeControl "40/5400+30:1800+30"]

1. Nf3 {[%emt 0:00:00]} Nf6 {[%emt 0:00:00]} 2. c4 {[%emt 0:00:00]} e6 {[%emt 0:01:37]} 3. g3 {[%emt 0:04:21]} d5 {[%emt 0:00:28]} 4. d4 {[%emt 0:01:15]} c6 {[%emt 0:02:34]} 5. Bg2 {[%emt 0:02:41]} dxc4 {[%emt 0:03:29]} 6. O-O {[%emt 0:03:37]} b5 {[%emt 0:00:32]} 7. b3 {[%emt 0:07:42]} cxb3 {[%emt 0:00:35]} 8. axb3 {[%emt 0:00:25]} Bb7 {[%emt 0:00:15]} 9. Ne5 {[%emt 0:04:16]} Qb6 {[%emt 0:03:59]} 10. Nc3 {[%emt 0:12:38]} Bb4 {[%emt 0:05:38]} 11. Qd3 {[%emt 0:04:44]} O-O {[%emt 0:01:22]} 12. Ne4 {[%emt 0:14:52]} Nxe4 {[%emt 0:20:31]} 13. Bxe4 {[%emt 0:03:52]} f5 {[%emt 0:00:10]} 14. Bf3 {[%emt 0:08:10]} c5 {[%emt 0:10:36]} 0-1